Corrosion engineering handbook / (Record no. 8536)
[ view plain ]
| 000 -LEADER | |
|---|---|
| fixed length control field | 01398nac a22003131u 4500 |
| 008 - FIXED-LENGTH DATA ELEMENTS--GENERAL INFORMATION | |
| fixed length control field | 090527t xxu||||| |||| 00| 0 eng d |
| 020 ## - INTERNATIONAL STANDARD BOOK NUMBER | |
| International Standard Book Number | 0849396476 (set) |
| 020 ## - INTERNATIONAL STANDARD BOOK NUMBER | |
| International Standard Book Number | 9780849382437 (Fundamentals of metallic corrosion) |
| 020 ## - INTERNATIONAL STANDARD BOOK NUMBER | |
| International Standard Book Number | 9780849382475 (Corrosion of linings and coatings) |
| 020 ## - INTERNATIONAL STANDARD BOOK NUMBER | |
| International Standard Book Number | 9780849382451 (Corrosion of polymers and elastomers) |
| 082 ## - DEWEY DECIMAL CLASSIFICATION NUMBER | |
| Classification number | 620.11223 |
| Item number | COR |
| 100 ## - MAIN ENTRY--PERSONAL NAME | |
| Personal name | 20080729 |
| 9 (RLIN) | 5418 |
| 245 ## - TITLE STATEMENT | |
| Title | Corrosion engineering handbook / |
| Statement of responsibility, etc | Philip A Schweitzer |
| 250 ## - EDITION STATEMENT | |
| Edition statement | 2nd ed. |
| 260 ## - PUBLICATION, DISTRIBUTION, ETC. (IMPRINT) | |
| Place of publication, distribution, etc | Boca Raton, Fla. ; London : |
| Name of publisher, distributor, etc | CRC, c2007. |
| Date of publication, distribution, etc | 2007 |
| 300 ## - PHYSICAL DESCRIPTION | |
| Extent | 3 v. : |
| Other physical details | ill. ; |
| Dimensions | 25 cm. |
| 500 ## - GENERAL NOTE | |
| General note | In slip case. |
| 500 ## - GENERAL NOTE | |
| General note | distributer: Al-Ahram |
| 500 ## - GENERAL NOTE | |
| General note | Contents: Fundamentals of metallic corrosion : atmospheric and media corrosion of metals -- Corrosion of linings and coatings : cathodic and inhibitor protection and corrosion monitoring -- Corrosion of polymers and elastomers |
| 504 ## - BIBLIOGRAPHY, ETC. NOTE | |
| Bibliography, etc | Includes bibliographical references and indexes |
| 511 ## - PARTICIPANT OR PERFORMER NOTE | |
| Participant or performer note | catalogued by: wessam |
| 650 ## - SUBJECT ADDED ENTRY--TOPICAL TERM | |
| Topical term or geographic name as entry element | Corrosion and anti-corrosives. |
| 9 (RLIN) | 5419 |
| 650 ## - SUBJECT ADDED ENTRY--TOPICAL TERM | |
| Topical term or geographic name as entry element | Plastics |
| General subdivision | Corrosion. |
| 9 (RLIN) | 5420 |
| 700 ## - ADDED ENTRY--PERSONAL NAME | |
| Personal name | Schweitzer, Philip A. |
| 9 (RLIN) | 5421 |
| 942 ## - ADDED ENTRY ELEMENTS (KOHA) | |
| Item type | Book - Borrowing |
| Call number prefix | 620.11223COR |
| Source of classification or shelving scheme | Dewey Decimal Classification |
| Withdrawn status | Item status | Damaged status | Not for loan | Home library | Current library | Shelving location | Date acquired | Source of acquisition | Total Checkouts | Full call number | Barcode | Date last seen | Koha item type | Total Renewals | Date last borrowed |
|---|---|---|---|---|---|---|---|---|---|---|---|---|---|---|---|
| Central Library | Central Library | First floor | 08/03/2012 | Purchase | 620.11223COR | 000010149 | 15/07/2025 | Book - Borrowing | |||||||
| Central Library | Central Library | First floor | 08/03/2010 | Purchase | 6 | 620.11223COR | 000010148 | 15/07/2025 | Book - Borrowing | 22 | 30/09/2018 | ||||
| Central Library | Central Library | First floor | 08/03/2010 | Purchase | 1 | 620.11223COR | 000009903 | 15/07/2025 | Book - Borrowing | 04/10/2018 |